| 000 | 01694nam a2200505 a 4500 | ||
|---|---|---|---|
| 005 | 20240423103328.0 | ||
| 008 | 110406s2013||||sp a f |||| 001 0 spa d | ||
| 020 | _a9788471018502 | ||
| 041 | _aspa | ||
| 092 |
_c616.3 _l16 _sDIA |
||
| 245 |
_aDiagnóstico y Tratamiento Médico. _bDigestivo / _cJ. L. Rodríguez García |
||
| 250 | _a1a ed. | ||
| 260 |
_aMadrid: _bMarban; _c2013. |
||
| 300 |
_a510 p. _bil. |
||
| 500 | _aRodríguez García, J. L. y González Carro, P. S. (2013). Diagnóstico y Tratamiento Médico. Digestivo. (1a ed.). Madrid : Marban. | ||
| 653 | _aAdenopatías abdominopélvicas | ||
| 653 | _aAscitis | ||
| 653 | _aBazo, lesiones focales | ||
| 653 | _aDiarrea aguda | ||
| 653 | _aDiarrea crónica | ||
| 653 | _aDisfagia | ||
| 653 | _aDispepsia | ||
| 653 | _aDolor abdominal agudo | ||
| 653 | _aDolor abdominal crónico | ||
| 653 | _aEstreñimiento | ||
| 653 | _aHematemesis y melenas | ||
| 653 | _aHígado, lesiones ocupantes de espacio (solitarias o múltiples) | ||
| 653 | _aHipertensión portal | ||
| 653 | _aHipo | ||
| 653 | _aIctericia | ||
| 653 | _aIleo. Obstrucción intestinal | ||
| 653 | _aIncontinencia anal | ||
| 653 | _aMalabsorción, signos radiológicos | ||
| 653 | _aPáncreas, masas | ||
| 653 | _aPirosis | ||
| 653 | _aProctalgia | ||
| 653 | _aPrurito anal | ||
| 653 | _aRectorragia (hematoquecis, hemorragia digestiva baja) | ||
| 653 | _aRetroperitoneo, masas en (excepto rión, suprarrenales y páncreas) | ||
| 653 | _aTransaminasas, elevación de | ||
| 653 | _aVómitos | ||
| 700 | 1 |
_aRodríguez García, José Luis _eCoord. _91705 |
|
| 700 | 1 |
_aGonzález Carro, P. S, _eCoord. _9731 |
|
| 942 |
_2ddc _cBK |
||
| 999 |
_c1476 _d1476 |
||